Fundamentos do ESG : (Record no. 147)

MARC details
000 -LÍDER
Campo Fixo de Controle 00942cam a2200277 a 4500
001 - NÚMERO DE CONTROLE
Campo de Controle 147
003 - IDENTIFICAÇÃO DO NÚMERO DE CONTROLE
Campo de Controle BR-CuiBMT
005 - DATA E HORA DA ÚLTIMA ATUALIZAÇÃO
Campo de Controle 20231116043254.0
008 - DADOS FIXOS
Dados Fixos 230821s2023 mgba 000 0 por d
020 ## - INTERNATIONAL STANDARD BOOK NUMBER
Nº do ISBN 9786555184600
040 ## - AGÊNCIA CATALOGADORA
Código da Agência Catalogadora BR-CuiBMT
Agência que transcreveu o registro BR-CuiBMT
080 ## - Nº DA CLASSIFICAÇÃO DECIMAL UNIVERSAL
Nº edição CDU 2007
Nº Class. CDU 658:502.131.1
090 ## - NÚMERO DE CHAMADA
Nº classificação 658:502.131.1
Cutter G158f
100 1# - ENTRADA PRINCIPAL -- AUTOR PESSOAL
Nome pessoal Galindo, Fábio
245 10 - TÍTULO PRINCIPAL
Título principal Fundamentos do ESG :
Subtítulo geração de valor para os negócios e para o mundo /
Indicação de responsabilidade Fábio Galindo, Marcelo Zenkner, Yoon Jung Kim ; Rodrigo Caetano prefácio.
260 ## - PUBLICAÇÃO, DISTRIBUIÇÃO, ETC.
Local de publicação Belo Horizonte :
Editora Fórum,
Data 2023.
300 ## - DESCRIÇÃO FÍSICA
N. páginas ou volumes 322 p. :
Ilustrações il. ;
Dimensões 22 cm
504 ## - NOTA DE BIBLIOGRAFIA, ETC.
Nota de bibliografia Inclui bibliografia.
590 ## - NOTA LOCAL
Nota local A biblioteca possui a 1. reimpr. 2023.
650 ## - ASSUNTO TÓPICO
Cabeçalho tópico ou nome geográfico Governança pública
Subdivisão geral Sustentabilidade
650 ## - ASSUNTO TÓPICO
Cabeçalho tópico ou nome geográfico Governança corporativa
Subdivisão geral Práticas sociais
650 ## - ASSUNTO TÓPICO
Cabeçalho tópico ou nome geográfico Créditos de carbono
Subdivisão geral Mercado
700 1# - ENTRADA SECUNDÁRIA -- NOME PESSOAL
Nome pessoal Zenkner, Marcelo
700 1# - ENTRADA SECUNDÁRIA -- NOME PESSOAL
Nome pessoal Kim, Yoon Jung
942 ## - ELEMENTOS DE ENTRADA ADICIONAIS (KOHA)
Fonte de classificação ou esquema de arquivamento Classificação Decimal Universal
Tipo de item do Koha Livros
Holdings
Estado: removido Estado: perdido Fonte de classificação ou esquema de arquivamento Estado: danificado Indisponível para empréstimo Localização permanente Localização atual Data de aquisição Total Checkouts Número de Chamada completo Código de barras Date last seen Número do exemplar Preço efetivo a partir de Tipo de item (Koha) Nota pública
    Classificação Decimal Universal     Biblioteca da Escola Superior de Contas do TCE/MT Biblioteca da Escola Superior de Contas do TCE/MT 28/06/2023   658:502.131.1 G158f BIBTCEMT23080124 21/08/2023 Ex. 1 21/08/2023 Livros 1. reimpr. 2023

Powered by Koha